Plodný výtvarník

Bibliographic Details
Main Author: Maťašeje, Mikuláš 1919- (Author)
Format: Article
Language:Slovak
ISSN:1335-468X
Subjects:

MARC

LEADER 00000nab a2200000 a 4500
001 vtls000768662
003 SK-MaSNL
005 20260302153656.0
008 180205c2001 xo 0 slo
015 |a SNBRB2001/09-27107 
035 |a CLN000120449 
040 |a SNKBUCL  |b slo  |c SNKBUCL  |e AACR2 
041 0 |a slo 
044 |a xo  |c SK 
080 |a 75.071.1  |2 UDC-MRF-SK2 
100 1 |a Maťašeje, Mikuláš  |d 1919-  |4 aut  |9 849128 
245 1 0 |a Plodný výtvarník  |c Mikuláš Maťašeje 
600 1 7 |a Masarovič, Jozef,  |d 1914-  |2 snkbucl  |9 21463 
655 7 |a články z novín a časopisov  |2 snkbucl  |9 267496 
773 0 |x 1335-468X  |t Slovo. Politicko-spoločenský týždenník  |g Roč. 3, č. 33 (2001), s. 10 
850 |a Slovenská národná knižnica v Martine 
852 |a SNK  |b KIS3GCP 
958 |a RBX 
999 |c 1366154  |d 1368084